Vrai/Faux : Homonymes de départements français 2 - Statistiques

Statistiques générales
  • Ce quiz a été pris 17 fois
  • Le résultat moyen est 29 sur 50
Statistiques - réponses
Hint Explanation Réponse % Correct
Rhône est un compositeur contemporain Rone FAUX
94%
Jura est un massif montagneux VRAI
94%
Loire est un fleuve VRAI
94%
Loiret est le département numéroté 45 VRAI
88%
Morbihan est un golfe breton VRAI
88%
Loire figure dans le nom de 6 départements VRAI
88%
Landes est le département numéroté 40 VRAI
88%
Morbihan est le département numéroté 56 VRAI
88%
Loiret est l'autre nom de la Loire Pure invention ! FAUX
81%
Manche désigne une partie de partie VRAI
81%
Moselle est un affluent du Rhin VRAI
81%
Lozere est un perdant en anglais Looser FAUX
69%
Mayenne est une commune belge Maillen FAUX
69%
Meuse est un modèle de revolver Mauser FAUX
69%
Indre est le département numéroté 40 36 FAUX
69%
Landes désigne les provinces allemandes Un land, des lander FAUX
69%
Marne est un affluent de la Seine VRAI
69%
Isère est un fleuve franco-belge Yser FAUX
63%
Lande est un prénom masculin américain Pure invention ! FAUX
63%
Marne figure dans le nom de 4 départements VRAI
63%
Mayenne est un affluent du Maine VRAI
63%
Lozère est une gare du RER VRAI
63%
Morbihan est un golfe en Nouvelle-Calédonien Aux Kerguelen FAUX
56%
Mayenne est un pâturage d'altitude en Suisse Mayen FAUX
56%
Loire est un fromage de Haute-Loire Pure invention ! FAUX
56%
Moselle est une appellation de vin VRAI
56%
Jura est un canton suisse VRAI
56%
Nord sert de qualificatif à 3 états américains 2 ! Caroline et Dakota FAUX
50%
Loire est un rongeur Loir FAUX
50%
Nord est une rivière de Nouvelle-Zélande North FAUX
50%
Jura est une rivière d'Estonie Lituanie FAUX
50%
Isère est une ville de l'Isère Pure invention ! FAUX
50%
Lozère est un groupe de rock alternatif Pure invention ! FAUX
50%
Nord est un film de Xavier Beauvois VRAI
50%
Indre est une rivière belge Pure invention ! FAUX
44%
Moselle a été le nom de plusieurs avions Plusieurs bâtiments de guerre FAUX
44%
Rhone est une ville danoise Ronne FAUX
44%
Landes est une rivière du département du même nom Pure invention ! FAUX
44%
Loire est une classe de bâtiments de la Marine nationale VRAI
44%
Nord est un département haïtien VRAI
44%
Manche désigne une poignée VRAI
44%
Loiret est une commune du Maine-et-Loire Loiré FAUX
38%
Nord est une île russe VRAI
38%
Indre est une commune de Loire-Atlantique VRAI
38%
Lot est un prénom espagnol VRAI
38%
Meuse est le nom d'une héroïne de BD Marie Meuse VRAI
38%
Loire est une commune du Rhône VRAI
31%
Nord Stanislas est un résistant français Pure invention ! FAUX
25%
Manche est une mer de Sibérie VRAI
25%
Moselle est une rivière anglaise VRAI
13%
Aucun quiz correspondant
Distribution des résultats
% des personnes avec chaque résultat
Percentile par nombre de réponses
Votre historique - résultats
Vous n’avez pas pris ce quiz